Normal view
MARC view
Entry Personal Name
001 - CONTROL NUMBER
- control field: 540331
003 - CONTROL NUMBER IDENTIFIER
- control field: OSt
005 - DATE AND TIME OF LATEST TRANSACTION
- control field: 20220930080956.0
008 - FIXED-LENGTH DATA ELEMENTS
- fixed length control field: 220930|| aca||aabn | a|a d
040 ## - CATALOGING SOURCE
- Original cataloging agency: OSt
- Transcribing agency: OSt
100 ## - HEADING--PERSONAL NAME
- Personal name: Savita Kumari
670 ## - SOURCE DATA FOUND
- Source citation: Work cat.: (OSt)870742: Savita Kumari, Effect of ligand architecture on th estructure and properties of nickel complexes with amide - based macrocyclic ligands, 2009
